| 000 | 00610nam a22002177a 4500 | ||
|---|---|---|---|
| 003 | OSt | ||
| 005 | 20150317113110.0 | ||
| 008 | 150123b xxu||||| |||| 00| 0 eng d | ||
| 020 | _a968-432-313-1 | ||
| 040 | _cBMC | ||
| 082 | _a862 | ||
| 100 | 1 |
_aCervantes Saavedra, Miguel _963 _d1547-1616 |
|
| 245 | 1 | 0 |
_aEntremeses _cMiguel de Cervantes Saavedra ; introducción de Arturo Souto |
| 250 | _a11ª ed | ||
| 260 |
_aMéxico D.F. _bPorrúa _c1997 |
||
| 300 |
_aXXXI, 192 p. _c22 cm |
||
| 490 |
_aSepan Cuantos... _v98 |
||
| 650 | 2 | 4 |
_92144 _aTeatro español |
| 700 | 1 |
_aSouto, Arturo _930578 |
|
| 942 |
_2ddc _cBK |
||
| 999 |
_c17619 _d17619 |
||